000 01003nam a22003137a 4500
003 CHAP
005 20220329140313.0
008 971013s r 00010 d
010 _a50060
011 _a51032
035 _a55182
040 _cCHAP
090 _aR-1755
100 0 0 _aRodríguez Bejarano, Darío.
_998325
245 _aAlgunos aspectos de la utilización de las imágenes. LANDSAT en México
500 _ac.4-5 en bodega
590 _aBATCH-UPD
_b10
_c20130110
_lUCH01
_h0732
590 _aBATCH-UPD
_b10
_c20130410
_lUCH01
_h0415
590 _aBATCH-UPD
_b10
_c20130914
_lUCH01
_h0816
590 _aCONVERSION
_b10
_c20130109
_lUCH01
_h1327
650 1 4 _aFotografía aérea.
_942714
650 1 4 _aSatélites artificiales.
_9102699
700 0 _aCalderón Acosta, Arturo.
_917365
901 _aBK
942 _cFOLL
949 _aR-1755
_bBC
_cR
_d-121251
_eTS1
_i55182
_si
949 _aR-1755
_bBC
_cR
_d-121253
_eTS2
_fc.2
_i55182
_si
949 _aR-1755
_bBC
_cR
_d-121254
_eTS2
_fc.3
_i55182
_si
999 _c50060
_d50060